MARC details
| 000 -CABECERA |
| campo de control de longitud fija |
01883nam a2200337 i 4500 |
| 001 - NÚMERO DE CONTROL |
| campo de control |
991061729802306706 |
| 003 - IDENTIFICADOR DEL NÚMERO DE CONTROL |
| campo de control |
ES-BaIT |
| 005 - FECHA Y HORA DE LA ÚLTIMA TRANSACCIÓN |
| campo de control |
20260302085419.0 |
| 008 - DATOS DE LONGITUD FIJA--INFORMACIÓN GENERAL |
| campo de control de longitud fija |
260302e202511 fr r 000 d fre c |
| 020 ## - NÚMERO INTERNACIONAL ESTÁNDAR DEL LIBRO |
| Número Internacional Estándar del Libro |
9782749816999 |
| 040 ## - FUENTE DE LA CATALOGACIÓN |
| Centro catalogador/agencia de origen |
ES-BaIT |
| Lengua de catalogación |
cat |
| Normas de descripción |
rda |
| Centro/agencia transcriptor |
ES-BaIT |
| 080 ## - NÚMERO DE LA CLASIFICACIÓN DECIMAL UNIVERSAL |
| Número de la Clasificación Decimal Universal |
840-2"20" |
| 100 1# - ENTRADA PRINCIPAL--NOMBRE DE PERSONA |
| Nombre de persona |
Susini, Pauline |
| Término indicativo de función/relación |
autor |
| 9 (RLIN) |
168755 |
| 245 14 - MENCIÓN DE TÍTULO |
| Título |
Les Consolantes / |
| Mención de responsabilidad, etc. |
Pauline Susini |
| 264 #1 - PRODUCCIÓN, PUBLICACIÓN, DISTRIBUCIÓN, FABRICACIÓN Y COPYRIGHT |
| Producción, publicación, distribución, fabricación y copyright |
Paris : |
| Nombre del de productor, editor, distribuidor, fabricante |
L'avant-scène théâtre, |
| Fecha de producción, publicación, distribución, fabricación o copyright |
novembre 2025 |
| 300 ## - DESCRIPCIÓN FÍSICA |
| Extensión |
55 pàgines ; |
| Dimensiones |
21 cm |
| 336 ## - TIPO DE CONTENIDO |
| Término de tipo de contenido |
text |
| Código de tipo de contenido |
txt |
| Fuente |
rdacontent |
| 337 ## - TIPO DE MEDIO |
| Nombre/término del tipo de medio |
sense mediació |
| Código del tipo de medio |
n |
| Fuente |
rdamedia |
| 338 ## - TIPO DE SOPORTE |
| Nombre/término del tipo de soporte |
volum |
| Código del tipo de soporte |
nc |
| Fuente |
rdacarrier |
| 490 1# - MENCIÓN DE SERIE |
| Mención de serie |
L'Avant-scène théâtre ; |
| Designación de volumen o secuencia |
no 1583 |
| 500 ## - NOTA GENERAL |
| Nota general |
P25: D9, H16 |
| 500 ## - NOTA GENERAL |
| Nota general |
Publicat com no 1583 (novembre 2025) de la revista L'Avant-scène théâtre |
| 500 ## - NOTA GENERAL |
| Nota general |
Estrena La Garance-Scène nationale (Cavaillon) l'11 de gener de 2024 |
| 520 ## - SUMARIO, ETC. |
| Sumario, etc. |
"Les entretiens des témoins du 13 novembre 2015, collectés par l’Institut d’Histoire du Temps Présent, sont la pierre angulaire de ce texte sur la reconstruction intime et collective. L’expérience traumatique, ici retranscrite et remodelée, entre œuvre documentaire et fiction théâtrale inspirée des codes de la tragédie grecque, permet une transmission inédite. Pauline Susini excelle dans un jeu d’équilibriste, entre émotion pure et juste distance d’un regard qui élève le spectateur et le lecteur. Ce texte est un hommage aux simples mortels, aux invisibles, aux anti-héros, aux fantômes, tous témoins de ces événements et de ce qu’il reste dix ans après." -- Contracoberta |
| 650 #0 - PUNTO DE ACCESO ADICIONAL DE MATERIA--TÉRMINO DE MATERIA |
| Término de materia o nombre geográfico como elemento de entrada |
15 de novembre de 2015, atemptats, París, França |
| Subdivisión de forma |
Textos dramàtics |
| 9 (RLIN) |
168756 |
| 650 #0 - PUNTO DE ACCESO ADICIONAL DE MATERIA--TÉRMINO DE MATERIA |
| Término de materia o nombre geográfico como elemento de entrada |
Víctimes del terrorisme |
| Subdivisión de forma |
Textos dramàtics |
| 9 (RLIN) |
168757 |
| 830 ## - PUNTO DE ACCESO ADICIONAL DE SERIE-TÍTULO UNIFORME |
| Título uniforme |
Avant-scène. |
| Nombre de parte o sección de la obra |
Théâtre |
| Designación de volumen o secuencia |
no 1583 |
| 9 (RLIN) |
168170 |
| 908 ## - COLOCAR PARÁMETRO DE COMANDO (RLIN) |
| Colocar parámetro de comando |
CDMAE |
| 940 ## - EQUIVALENCIA O REFERENCIA-CRUZADA--TÍTULO UNIFORME [OBSOLETO] [solamente CAN/MARC] |
| Título uniforme |
<a href="CDMAE">CDMAE</a> |
| 942 ## - ELEMENTOS DE ENTRADA AGREGADA (KOHA) |
| Fuente del sistema de clasificación o colocación |
Clasificación decimal universal |
| Tipo de ítem Koha |
Llibre |